00442nam a2200157Ia 45000010006000000050017000060080041000230410008000640820016000721000023000882450120001112600009002313000028002406500008002686540008002761017920260306161812.0260306t2015||||xx |||||||||||||| ||spa|| aESP a907.2bA187 aAurell, JaumeeAUT 0aComprender el pasado, una historia de la escritura y el pensamiento:buna historia de la escritura y el pensamiento c2015 a493 páginas :c24 cm. aGEN aCHU